| 000 | 01097nam a2200301 a 4500 | ||
|---|---|---|---|
| 005 | 20141126122450.0 | ||
| 008 | 120217s2007 ck a gr 00000 spa d | ||
| 015 | _ack-2007-xxxx | ||
| 020 | _a9789588363011 | ||
| 040 |
_aCO-BoIH _cCO-BoIH |
||
| 041 | 0 | _aspa | |
| 043 | _as-ck--- | ||
| 044 | _ack | ||
| 082 | 0 | 4 | _a |
| 090 |
_aEA _b00164 |
||
| 110 | 1 |
_aColombia. _bMinisterio de Minas y Energía. _bUnidad de Planeación Minero Energética. _929180 |
|
| 245 | 1 | 0 |
_aAlumbrado público exterior _cUnidad de Planeación Minero Energética. _bGuía didáctica para el buen uso de la energía |
| 260 |
_aBogotá D.C : _bUnidad de Planeación Minero Energética-UPME, _bUniversidad Nacional de Colombia, _c2007. |
||
| 300 |
_a28 pag. _bIl. _c27 cm. |
||
| 504 | _aIncluye referencias bibliográficas (pag 28) | ||
| 650 | 4 |
_aAlumbrado público. _929176 |
|
| 650 |
_aServicios públicos. _929181 |
||
| 650 | 4 |
_aUtilización de la energía _z Colombia _v Guías. _929182 |
|
| 650 | 4 |
_aConsumo de energías _z Colombia _v Guías. _929183 |
|
| 942 |
_2z _cLIBRO |
||
| 999 |
_c8826 _d8826 |
||